| 000 | 01309cam a22003617i 4500 | ||
|---|---|---|---|
| 999 |
_c330626 _d330626 |
||
| 001 | 18508261 | ||
| 003 | NUST | ||
| 005 | 20170726124233.0 | ||
| 008 | 150227s2014 pk 000 1 urd | ||
| 010 | _a 2015327063 | ||
| 020 | _a9789693527674 | ||
| 020 | _a9693527674 | ||
| 025 | _aP-U-2015327063; 10 | ||
| 037 |
_bLibrary of Congress -- Islamabad Overseas Office _cRs 500 |
||
| 040 |
_aDLC _beng _erda _cDLC |
||
| 042 | _alcode | ||
| 050 | 0 | 0 | _aMLCSA 2015/01184 |
| 066 |
_c(3 _c(4 |
||
| 082 |
_a891.4393 _bBEL |
||
| 100 | 1 |
_6880-01 _aBelā, Abdāl, _eauthor. _92049 |
|
| 245 | 1 | 0 |
_6880-02 _aRang pichkārī : _bafsāne / _cAbdāl Belā. |
| 264 | 1 |
_6880-03 _aLāhore : _bSang-i Mīl Pablīkeshanz, _c1994. |
|
| 300 |
_a233 pages ; _c22 cm |
||
| 336 |
_atext _btxt _2rdacontent |
||
| 337 |
_aunmediated _bn _2rdamedia |
||
| 338 |
_avolume _bnc _2rdacarrier |
||
| 500 | _aShort stories. | ||
| 546 | _aIn Urdu. | ||
| 650 |
_aUrdu Literature _9347 |
||
| 880 | 1 |
_6100-01/(3/r _aبيلا، ابدال، |
|
| 880 | 1 | 0 |
_6245-02/(3/r _aرنگ پچکارى : _bافسانے / _cابدال بيلا. |
| 880 | 1 |
_6264-03/(3/r _aلاهور : _bسنگ ميل پبليکيشنز، _c1994. |
|
| 906 |
_a7 _bcbc _corigode _d4 _encip _f20 _gy-nonroman |
||
| 942 |
_2ddc _cBK |
||